Census County Divisions of Montana With a Map - Statistics

General Stats
  • This quiz has been taken 196 times
  • The average score is 44 of 194
Answers on the Map
Answers color-coded by a green-red scale on the quiz's map according to % correct below.
 
Answer Stats
County CCD % Correct
Lewis and Clark Helena
89%
Missoula Missoula
88%
Yellowstone Billings
83%
Gallatin Bozeman
76%
Silver Bow Butte
72%
Gallatin | Park Yellowstone National Park
71%
Cascade Great Falls
69%
Flathead Glacier National Park
63%
Glacier Glacier National Park
60%
Flathead Kalispell
60%
Flathead | Lake | Missoula | Sanders Flathead Reservation
56%
Powell Deer Lodge
54%
Deer Lodge Anaconda
50%
Hill Havre
49%
Park Livingston
49%
Madison Sheridan
49%
Custer Miles City
44%
Flathead Whitefish
44%
Lewis and Clark Lincoln
43%
Valley Glasgow
42%
Cascade Cascade
40%
Big Horn Crow Reservation
39%
Beaverhead Dillon
39%
Rosebud Rosebud
39%
Gallatin Big Sky
38%
Dawson Glendive
38%
Ravalli Hamilton
38%
Fergus Lewistown
38%
Toole Shelby
38%
Wibaux Wibaux
38%
Gallatin Belgrade
36%
Glacier Cut Bank
35%
Rosebud Forsyth
35%
Carbon Red Lodge
35%
Fallon Baker
33%
Gallatin West Yellowstone
33%
Daniels | Roosevelt | Sheridan | Valley Fort Peck Reservation
32%
Yellowstone Laurel
32%
Sheridan Plentywood
32%
Musselshell Roundup
32%
Glacier Blackfeet Reservation
31%
Flathead Columbia Falls
31%
Chouteau Fort Benton
31%
Missoula Lolo
31%
Phillips Malta
31%
Richland Sidney
31%
Gallatin Three Forks
31%
Teton Choteau
29%
Park Gardiner-Cooke City
29%
Big Horn Hardin
29%
Lincoln Libby
29%
McCone Circle
28%
Carter Ekalaka
28%
Lincoln Eureka
28%
Sanders Thompson Falls-West End
28%
Madison Virginia City
28%
Meagher White Sulphur Springs
28%
Chouteau Big Sandy
26%
Stillwater Columbus
26%
Mineral Superior
26%
Jefferson Boulder
25%
Powder River Broadus
25%
Liberty Chester
25%
Carbon Fromberg-Bridger
25%
Beaverhead Lima-Centennial Valley
25%
Daniels Scobey
25%
Judith Basin Stanford
25%
Blaine Chinook
24%
Pondera Conrad
24%
Blaine Harlem
24%
Granite Philipsburg
24%
Lincoln Troy
24%
Cascade Belt
22%
Ravalli Darby
22%
Wheatland Harlowton
22%
Gallatin Manhattan
22%
Mineral Alberton
21%
Fergus Denton
21%
Granite Drummond
21%
Blaine Fort Belknap
21%
Phillips Fort Belknap Reservation
21%
Golden Valley Ryegate
21%
Ravalli Stevensville
21%
Pondera Valier-Dupuyer
21%
Flathead Creston-Bigfork
19%
Teton Dutton-Power
19%
Richland Fairview
19%
Wheatland Judith Gap-Shawmut
19%
Teton Fairfield
18%
Missoula Frenchtown-Wye
18%
Gallatin Gallatin Gateway
18%
Carbon Joliet
18%
Stillwater Park City
18%
Missoula Seeley Lake-Blackfoot Valley
18%
Toole Sunburst
18%
Rosebud Ashland
17%
Golden Valley Lavina
17%
Cascade Monarch-Neihart
17%
Sanders Plains
17%
Ravalli Sula
17%
Sheridan Westby
17%
Jefferson Whitehall
17%
Fergus Winifred
17%
Stillwater Absarokee
15%
Chouteau Geraldine
15%
Fergus Grass Range
15%
Judith Basin Hobson
15%
Flathead Lakeside-Somers
15%
Sheridan Medicine Lake
15%
Musselshell Melstone
15%
Yellowstone Shepherd
15%
Madison Twin Bridges
15%
Liberty Joplin
14%
Big Horn | Rosebud Northern Cheyenne Reservation
14%
Valley Opheim
14%
Hill Rudyard
14%
Phillips Whitewater
14%
Lewis and Clark Augusta
13%
Hill Gildford
13%
Richland Savage-Crane
13%
Ravalli Victor
13%
Judith Basin Geyser
11%
Carbon Roberts
11%
Hill Rocky Boy's
11%
Custer Shirley-Ismay
11%
Custer South Custer
11%
Lake Woods Bay-Rollins
11%
Carter Alzada-Boyes
10%
Meagher Martinsdale-Ringling
10%
Garfield North Garfield
10%
Treasure North Treasure
10%
Fallon Plevna
10%
Dawson Richey
10%
Fergus Roy
10%
Garfield South Garfield
10%
Treasure South Treasure
10%
Yellowstone South Yellowstone
10%
Silver Bow Butte-Silver Bow South
8%
Cascade Eden-Stockett
8%
Madison Harrison
8%
Valley Hinsdale
8%
Musselshell Klein
8%
Custer North Custer
8%
Petroleum Winnett North
8%
Petroleum Winnett South
8%
Carbon East Carbon
7%
Powder River East Powder River
7%
Yellowstone Huntley Project
7%
Yellowstone Northeast Yellowstone
7%
Yellowstone Northwest Yellowstone
7%
Powell Avon-Elliston
6%
Silver Bow Butte-Silver Bow Northwest
6%
Big Horn Decker
6%
Roosevelt East Roosevelt
6%
Cascade Great Falls North
6%
Richland Lambert
6%
McCone North McCone
6%
Rosebud | Sweet Grass North of the Yellowstone
6%
Stillwater North Stillwater
6%
Valley South Valley
6%
Pondera Blackfeet Reservation East
4%
Pondera Blackfeet Reservation West
4%
Beaverhead Clark Canyon-Horse Prairie
4%
Fergus Hanover
4%
Powell Helmville
4%
Flathead Kalispell Northwest
4%
Flathead Kalispell Southwest
4%
Powder River Otter
4%
Flathead South Fork
4%
Phillips South Phillips
4%
Mineral West End
4%
Lewis and Clark Wolf Creek
4%
Flathead Bad Rock-Columbia Heights
3%
Beaverhead Big Hole Basin
3%
Wibaux Pine Hill-St. Phillips
3%
Sweet Grass South of the Yellowstone
3%
Cascade Sun River Valley
3%
Prairie Terry North
3%
Prairie Terry South
3%
Broadwater Townsend East
3%
Broadwater Townsend West
3%
Deer Lodge Warm Springs
3%
Madison Madison Valley
1%
Park Shields Valley
1%
Hill Wild Horse Lake
1%
No matching quizzes found
Score Distribution
Percent of People with Each Score
Percentile by Number Answered
Your Score History
You have not taken this quiz